Химичните елементи - Statistics

General Stats
  • This quiz has been taken 600 times
  • The average score is 55 of 118
Answer Stats
# Символ Елемент % Correct
1 H Водород
97%
3 Li Литий
97%
8 O Кислород
97%
12 Mg Магнезий
97%
20 Ca Калций
97%
19 K Калий
96%
2 He Хелий
95%
11 Na Натрий
95%
17 Cl Хлор
93%
26 Fe Желязо
93%
30 Zn Цинк
92%
13 Al Алуминий
91%
16 S Сяра
91%
6 C Въглерод
90%
7 N Азот
90%
15 P Фосфор
87%
35 Br Бром
87%
47 Ag Сребро
87%
79 Au Злато
87%
29 Cu Мед
84%
14 Si Силиций
83%
5 B Бор
79%
25 Mn Манган
78%
4 Be Берилий
77%
28 Ni Никел
75%
18 Ar Аргон
74%
9 F Флуор
73%
53 I Йод
72%
10 Ne Неон
68%
56 Ba Барий
67%
37 Rb Рубидий
66%
27 Co Кобалт
64%
32 Ge Германий
64%
92 U Уран
63%
87 Fr Франций
61%
31 Ga Галий
60%
82 Pb Олово
60%
24 Cr Хром
59%
34 Se Селен
58%
80 Hg Живак
56%
22 Ti Титан
54%
55 Cs Цезий
54%
33 As Арсен
53%
88 Ra Радий
53%
38 Sr Стронций
52%
54 Xe Ксенон
50%
74 W Волфрам
50%
84 Po Полоний
50%
78 Pt Платина
49%
99 Es Айнщайний
48%
49 In Индий
47%
42 Mo Молибден
46%
48 Cd Кадмий
46%
46 Pd Паладий
44%
52 Te Телур
43%
83 Bi Бисмут
42%
94 Pu Плутоний
41%
23 V Ванадий
40%
36 Kr Криптон
40%
50 Sn Калай
40%
21 Sc Скандий
39%
40 Zr Цирконий
39%
77 Ir Иридий
38%
57 La Лантан
37%
63 Eu Европий
37%
76 Os Осмий
36%
85 At Астат
35%
93 Np Нептуний
34%
86 Rn Радон
33%
81 Tl Талий
32%
101 Md Менделеевий
32%
89 Ac Актиний
31%
98 Cf Калифорний
31%
51 Sb Антимон
30%
96 Cm Кюрий
30%
104 Rf Ръдърфордий
30%
39 Y Итрий
27%
45 Rh Родий
27%
43 Tc Технеций
26%
75 Re Рений
26%
95 Am Америций
26%
100 Fm Фермий
26%
118 Og Оганесон
26%
41 Nb Ниобий
25%
60 Nd Неодим
25%
72 Hf Хафний
25%
115 Mc Московий
25%
102 No Нобелий
24%
44 Ru Рутений
23%
58 Ce Церий
23%
73 Ta Тантал
23%
105 Db Дубний
23%
64 Gd Гадолиний
21%
111 Rg Рьонтгений
21%
59 Pr Празеодим
20%
68 Er Ербий
20%
110 Ds Дармщатий
20%
117 Ts Тенесин
20%
90 Th Торий
19%
106 Sg Сиборгий
18%
62 Sm Самарий
17%
65 Tb Тербий
17%
103 Lr Лоуренсий
17%
107 Bh Борий
17%
116 Lv Ливерморий
17%
61 Pm Прометий
16%
70 Yb Итербий
16%
97 Bk Берклий
16%
112 Cn Коперниций
16%
69 Tm Тулий
15%
67 Ho Холмий
14%
108 Hs Хасий
14%
113 Nh Нихоний
14%
91 Pa Протактиний
13%
109 Mt Майтнерий
13%
114 Fl Флеровий
12%
66 Dy Диспросий
11%
71 Lu Лутеций
11%
No matching quizzes found
Score Distribution
Percent of People with Each Score
Percentile by Number Answered
Your Score History
You have not taken this quiz